000 02018nam0a2200385 4500
001 RU\NLR\BIBL_A\022713698
005 20260409001557.0
010 _a978-5-4358-0267-2
_9300
035 _a(NLR Aleph) 022713698
090 _a13647243
_c13647243
100 _a20260130d2025 k y0rusy50 ca
101 0 _arus
_deng
_eeng
102 _aRU
105 _aacbhz|||000yy
181 0 _ai2
_baxxe
181 0 _ab2
_bxb2e
182 0 _an
200 1 _aУроки украинской истории
_dThe Lessons of ukrainian history
_eот Переяславской рады до специальной военной операции
_fГ. Г. Матишов, Н. А. Власкина, Т. Е. Гревцова
_gФедеральный исследовательский центр Южный научный центр Российской академии наук
_zeng
203 _aТекст
_aИзображение
_bвизуальные
_cнепосредственные
210 _aРостов-на-Дону
_cИзд-во ЮНЦ РАН
_d2025
215 _a247 с.
_cил., цв. ил., портр., карт., факс.
_d30
300 _aАвт. также на англ. яз.: Matishov G. G., N. A. Vlaskina and T. E. Grevtsova
300 _aРез. англ.
320 _aБиблиогр.: с. 228-247
510 1 _6z92790
_aThe Lessons of ukrainian history
_zeng
607 _aУкраина
_xИстория
_92090663
_3RU\NLR\AUTH\661265424
686 1 _aТ3(2Ук)0,02
700 1 _7ca
_8rus
_aМатишов
_bГ. Г.
_f1945-
_gГеннадий Григорьевич
_99509
_3RU\NLR\AUTH\7726470
701 1 _7ca
_8rus
_aВласкина
_bН. А.
_gНина Алексеевна
_970127
_3RU\NLR\AUTH\7787199
701 1 _aГревцова
_bТ. Е.
_gТатьяна Евгеньевна
790 1 _7ba
_8rus
_aMatišov
_bG. G.
_f1945-
_gGennadij Grigor'evič
_940271
_3RU\NLR\AUTH\7757339
942 _cBOOK
980 _aNB